Score 0/20 Timer 03:00
1 Play Today
% Correct
Carrey
92.9%
Cameron
91.2%
Morrison
88.8%
Henson
88.4%
Garfield
81.6%
Belushi
79.9%
Buffett
79.1%
Bowie
76.6%
Joule
75.2%
Joyce
74.1%
% Correct
Cook
73.7%
Monroe
71.3%
Page
70.7%
Lovell
63.7%
Cooper
47.4%
Clavell
39.9%
Callaghan
36%
Reeves
35.7%
Hargreaves
30.5%
Sheridan
26.3%
Remove Ads.
Support Sporcle.
Get the best of Sporcle when you Go Orange. This ad-free experience offers more features, more stats, and more fun while also helping to support Sporcle. Thank you for becoming a member.

You're not logged in!

Compare scores with friends on all Sporcle quizzes.
OR
Log In

Show Comments

Extras

Top Quizzes Today


Score Distribution

Your Account Isn't Verified!

In order to create a playlist on Sporcle, you need to verify the email address you used during registration. Go to your Sporcle Settings to finish the process.

Report this User

Report this user for behavior that violates our Community Guidelines.

Details: